[Event "First Saturday IM Dec 2013"]
[Site "Budapest"]
[Date "2013.12.15"]
[Round "8.1"]
[White "Lyell, Mark"]
[Black "Nguyen, Thi Mai Hung"]
[Result "1/2-1/2"]
[WhiteElo "2247"]
[BlackElo "2231"]
[PlyCount "100"]
[EventDate "2013.12.07"]

1. e4 c5 2. c3 g6 3. Nf3 Bg7 4. d4 cxd4 5. cxd4 d5 6. e5 Bg4 7. Nbd2 Nc6 8. h3
Bf5 9. Bb5 Rc8 10. O-O a6 11. Ba4 Nh6 12. a3 b5 13. Bb3 O-O 14. Re1 Qb6 15.
Bxd5 Nxd4 16. Nxd4 Qxd4 17. Nf3 Qxd1 18. Rxd1 Rc7 19. Be3 e6 20. Bb6 Rc2 21.
Bb7 Rxb2 22. Bc5 Re8 23. g4 Bc2 24. Rd2 Rb1+ 25. Rxb1 Bxb1 26. Bxa6 Be4 27. Ng5
Bd5 28. f4 f6 29. exf6 Bxf6 30. Bxb5 Rc8 31. Bd4 Bxg5 32. fxg5 Nf7 33. Bf6 Nd6
34. Bd3 Rc1+ 35. Kf2 Nc4 36. Bxc4 Rxc4 37. Kg3 Kf7 38. Rf2 Re4 39. Bd4+ Ke8 40.
Bc5 e5 41. Rf8+ Kd7 42. Rf6 Be6 43. Rf3 Kc6 44. Rc3 Rc4 45. Rxc4 Bxc4 46. Ba7
Kb5 47. Bb8 e4 48. Kf4 Bf1 49. h4 Be2 50. Kxe4 Bxg4 1/2-1/2

[Event "First Saturday IM Dec 2013"]
[Site "Budapest"]
[Date "2013.12.15"]
[Round "8.2"]
[White "Li, Bo"]
[Black "Petran, Pal"]
[Result "1/2-1/2"]
[WhiteElo "2373"]
[BlackElo "2335"]
[PlyCount "90"]
[EventDate "2013.12.07"]

1. d4 Nf6 2. c4 e6 3. g3 d5 4. Bg2 Bb4+ 5. Bd2 Be7 6. Nf3 O-O 7. Qc2 c6 8. O-O
Nbd7 9. b3 b6 10. Bc3 Bb7 11. Nbd2 Rc8 12. e4 c5 13. exd5 exd5 14. Nh4 g6 15.
Rfe1 cxd4 16. Bxd4 Bc5 17. Qb2 Bxd4 18. Qxd4 Nc5 19. cxd5 Ne6 20. Qe5 Bxd5 21.
Rad1 Bxg2 22. Ne4 Ng4 23. Qa1 Qc7 24. Kxg2 f5 25. Nd2 Nc5 26. Nhf3 Qb7 27. h3
Ne4 28. Nxe4 fxe4 29. hxg4 Rxf3 30. Qd4 e3 31. fxe3 Rxe3+ 32. Kh3 Rxe1 33. Rxe1
Rf8 34. Qc4+ Qf7 35. Qxf7+ Rxf7 36. Re8+ Kg7 37. g5 h6 38. gxh6+ Kxh6 39. Kg4
Rf5 40. Re1 a5 41. Re6 Rb5 42. Kf4 Rb4+ 43. Kf3 a4 44. bxa4 Rxa4 45. Rxb6 Rxa2
1/2-1/2

[Event "First Saturday IM Dec 2013"]
[Site "Budapest"]
[Date "2013.12.15"]
[Round "8.3"]
[White "Farkas, Richard"]
[Black "To, Nhat Minh"]
[Result "0-1"]
[WhiteElo "2189"]
[BlackElo "2350"]
[PlyCount "120"]
[EventDate "2013.12.07"]

1. e4 e5 2. Nf3 Nf6 3. Nc3 Nc6 4. Bb5 Bd6 5. O-O O-O 6. d3 h6 7. h3 Re8 8. Be3
Bf8 9. d4 exd4 10. Nxd4 a6 11. Nxc6 bxc6 12. Ba4 a5 13. Re1 Ba6 14. Bd4 Nh7 15.
f4 Rb8 16. Bb3 c5 17. Bf2 c6 18. e5 c4 19. Ba4 Rxb2 20. Ne4 Qe7 21. Bd4 Rbb8
22. Nd6 Red8 23. c3 Qh4 24. Bf2 Qxf4 25. Re4 Qg5 26. Bh4 Qg6 27. Bxd8 Rxd8 28.
Bc2 Qe6 29. Qd4 Ng5 30. Re3 f6 31. Qb6 Ra8 32. Bf5 Qe7 33. Qxa5 fxe5 34. Rd1
Qf6 35. h4 Bxd6 36. hxg5 Qxg5 37. Re2 Qe7 38. Kh1 Bb7 39. Qb6 Rf8 40. Bh3 Bc8
41. Qe3 Rf6 42. Qe4 Bc7 43. Qe3 Qf8 44. Ree1 d5 45. Bxc8 Qxc8 46. Rf1 Qg4 47.
Qh3 Qxh3+ 48. gxh3 Ba5 49. Rxf6 gxf6 50. Rc1 Kf7 51. Kg2 Ke6 52. Kf3 Kf5 53. a4
e4+ 54. Ke2 Ke5 55. Kd1 f5 56. Kc2 f4 57. h4 f3 58. h5 e3 59. Kd1 Ke4 60. Rc2
Bd8 0-1

[Event "First Saturday IM Dec 2013"]
[Site "Budapest"]
[Date "2013.12.15"]
[Round "8.4"]
[White "Fang, Yuxiang"]
[Black "Brustkern, Juergen"]
[Result "1-0"]
[WhiteElo "2189"]
[BlackElo "2257"]
[PlyCount "81"]
[EventDate "2013.12.07"]

1. d4 Nf6 2. Nf3 e6 3. c4 c5 4. g3 cxd4 5. Nxd4 d5 6. Bg2 e5 7. Nf3 d4 8. O-O
Nc6 9. e3 Be7 10. exd4 exd4 11. Bf4 Nh5 12. Be5 Nxe5 13. Nxe5 Nf6 14. Nf3 d3
15. Ne5 Qd4 16. Nxd3 Qxc4 17. Re1 Bf5 18. Ne5 Qb4 19. Nc6 bxc6 20. Bxc6+ Kf8
21. Bxa8 h5 22. Nc3 Qxb2 23. Qb3 Qxb3 24. axb3 Bb4 25. Rec1 a5 26. Nd5 Nxd5 27.
Bxd5 Rh6 28. Rc7 Rf6 29. Rac1 g5 30. R1c6 Rxc6 31. Rxc6 g4 32. Rc7 Bg6 33. Bc4
Kg7 34. Kf1 Kf6 35. Ke2 Kg7 36. Ra7 Kf6 37. Rb7 Bc3 38. Bd3 Ke5 39. Bxg6 fxg6
40. Kd3 Be1 41. Re7+ 1-0

[Event "First Saturday IM Dec 2013"]
[Site "Budapest"]
[Date "2013.12.15"]
[Round "8.5"]
[White "Golubov, Saveliy"]
[Black "Szeberenyi, Adam"]
[Result "1/2-1/2"]
[WhiteElo "2305"]
[BlackElo "2317"]
[PlyCount "52"]
[EventDate "2013.12.07"]

1. e4 c5 2. Nf3 e6 3. c4 Nc6 4. Nc3 e5 5. g3 d6 6. Bg2 g6 7. O-O Bg7 8. a3 Nge7
9. b4 O-O 10. d3 Bg4 11. h3 Bxf3 12. Bxf3 Nd4 13. Bg2 Qd7 14. Rb1 b6 15. a4
Rab8 16. b5 Kh8 17. Ne2 f5 18. Nxd4 exd4 19. Bg5 Rbe8 20. Bxe7 Rxe7 21. exf5
Qxf5 22. Qd2 Rfe8 23. Rbe1 Bf6 24. g4 Qg5 25. Qxg5 Bxg5 26. Rxe7 Rxe7 1/2-1/2

[Event "First Saturday IM Dec 2013"]
[Site "Budapest"]
[Date "2013.12.16"]
[Round "9.1"]
[White "Szeberenyi, Adam"]
[Black "Lyell, Mark"]
[Result "1/2-1/2"]
[WhiteElo "2317"]
[BlackElo "2247"]
[PlyCount "95"]
[EventDate "2013.12.07"]

1. d4 f5 2. Nh3 Nf6 3. Bg5 e6 4. Nf4 Be7 5. e3 O-O 6. Nd2 b6 7. Bxf6 Bxf6 8. g4
Bb7 9. Rg1 e5 10. dxe5 Bxe5 11. Nd3 Qf6 12. g5 Qe6 13. Qe2 Nc6 14. Bg2 Rae8 15.
c4 Na5 16. Bxb7 Nxb7 17. Nxe5 Qxe5 18. O-O-O f4 19. e4 f3 20. Qe3 Nc5 21. Rg4
Qxh2 22. b4 Qxf2 23. Qc3 Ne6 24. Rf1 Qd4 25. Kb2 f2 26. Qxd4 Nxd4 27. Rg2 Nf3
28. Rfxf2 Ne1 29. Rxf8+ Rxf8 30. Rg3 Rf2 31. Kc3 Kf7 32. Re3 Ng2 33. Rd3 d6 34.
c5 dxc5 35. bxc5 Kg6 36. c6 Nf4 37. Rd7 Ne6 38. Re7 Nxg5 39. Rxc7 Rf6 40. e5
Re6 41. Kd4 Kf5 42. Rc8 Re7 43. Nc4 Ke6 44. Rd8 Nf3+ 45. Ke4 Ng5+ 46. Kd4 Nf3+
47. Ke4 Ng5+ 48. Kd4 1/2-1/2

[Event "First Saturday IM Dec 2013"]
[Site "Budapest"]
[Date "2013.12.16"]
[Round "9.2"]
[White "Brustkern, Juergen"]
[Black "Golubov, Saveliy"]
[Result "0-1"]
[WhiteElo "2257"]
[BlackElo "2305"]
[PlyCount "96"]
[EventDate "2013.12.07"]

1. c4 Nf6 2. Nc3 e6 3. e4 c5 4. e5 Ng8 5. d4 cxd4 6. Qxd4 Nc6 7. Qe4 Nge7 8.
Nf3 Ng6 9. Bd2 a6 10. O-O-O Qc7 11. Re1 b6 12. Bd3 Bb7 13. Qe2 O-O-O 14. h4 d6
15. exd6 Bxd6 16. Kb1 Bf4 17. Be3 Nb4 18. Be4 Bxe4+ 19. Nxe4 Bxe3 20. fxe3 Kb7
21. Rd1 f5 22. Neg5 Rxd1+ 23. Rxd1 Re8 24. h5 Nf8 25. Nd4 h6 26. Qf3+ Kb8 27.
a3 hxg5 28. axb4 g4 29. Qc6 Qxc6 30. Nxc6+ Kc7 31. b5 axb5 32. cxb5 Nd7 33. Nd4
Nf6 34. Rc1+ Kd7 35. Rc6 Nd5 36. g3 Nxe3 37. Rxb6 e5 38. Ne2 Rh8 39. Rb7+ Kd6
40. Rxg7 Rxh5 41. b6 Rh8 42. b7 Nd5 43. Kc2 Ne7 44. Nc1 Rb8 45. Nd3 Rxb7 46. b4
Ra7 47. Kb2 Kd5 48. Kb3 Nc6 0-1

[Event "First Saturday IM Dec 2013"]
[Site "Budapest"]
[Date "2013.12.16"]
[Round "9.3"]
[White "To, Nhat Minh"]
[Black "Fang, Yuxiang"]
[Result "1/2-1/2"]
[WhiteElo "2350"]
[BlackElo "2189"]
[PlyCount "148"]
[EventDate "2013.12.07"]

1. e4 e6 2. d4 d5 3. Nc3 Nf6 4. e5 Nfd7 5. f4 c5 6. Nf3 Nc6 7. Be3 a6 8. Qd2 b5
9. dxc5 Bxc5 10. Bd3 Qb6 11. Bf2 Bb7 12. O-O h6 13. a3 O-O 14. Rae1 Ne7 15. b4
Bxf2+ 16. Qxf2 Rfc8 17. Ne2 Qxf2+ 18. Kxf2 Nb6 19. Ned4 Rc3 20. Ra1 Nc4 21. a4
bxa4 22. Ne2 Ra3 23. Rxa3 Nxa3 24. Ra1 Nc4 25. Rxa4 Nb6 26. Ra3 Nc6 27. c3 a5
28. bxa5 Nxa5 29. Ned4 Nac4 30. Rxa8+ Bxa8 31. Bxc4 dxc4 32. Nd2 g5 33. g3 gxf4
34. gxf4 Kg7 35. Nb5 Kg6 36. Nd6 Nd5 37. N2xc4 Nxc3 38. Ne3 Bc6 39. f5+ exf5
40. Nexf5 Ne4+ 41. Ke3 Nxd6 42. Ne7+ Kg5 43. exd6 Bd7 44. Nd5 Kf5 45. Nb6 Ke6
46. Kf4 Kxd6 47. Nc4+ Ke7 48. Nd2 Kf6 49. Ne4+ Kg6 50. Ng3 Bh3 51. Ne2 Kh5 52.
Kg3 Bd7 53. h4 Kg6 54. Kf4 Kf6 55. Ng3 Bh3 56. Nh5+ Ke6 57. Ng7+ Ke7 58. Nh5
Bf1 59. Kf5 Be2 60. Nf6 Kf8 61. Kf4 Kg7 62. Ne4 Kg6 63. Ng3 Bd3 64. Ke5 f6+ 65.
Kf4 Kf7 66. Ke3 Bg6 67. Kf4 Ke6 68. Nf1 Bd3 69. Ne3 h5 70. Ng2 Kd5 71. Ke3 Bc2
72. Nf4+ Ke5 73. Nxh5 Kf5 74. Nxf6 Kxf6 1/2-1/2

[Event "First Saturday IM Dec 2013"]
[Site "Budapest"]
[Date "2013.12.16"]
[Round "9.4"]
[White "Petran, Pal"]
[Black "Farkas, Richard"]
[Result "1/2-1/2"]
[WhiteElo "2335"]
[BlackElo "2189"]
[PlyCount "101"]
[EventDate "2013.12.07"]

1. d4 d5 2. Nf3 Nf6 3. e3 e6 4. Bd3 c5 5. b3 Nc6 6. O-O Bd6 7. Bb2 O-O 8. Nbd2
b6 9. a3 Bb7 10. Qe2 Qc7 11. c4 cxd4 12. exd4 Rfd8 13. Rac1 Qe7 14. b4 dxc4 15.
Nxc4 Rac8 16. Ne3 Nd5 17. Nxd5 exd5 18. Qd1 Qf6 19. Re1 Ne7 20. Qa4 Bb8 21. h3
Qd6 22. Qb3 Ng6 23. Bf5 Rxc1 24. Bxc1 Bc8 25. Qc2 Bxf5 26. Qxf5 h6 27. g3 Qc6
28. h4 Qc8 29. Qxc8 Rxc8 30. Bd2 Bd6 31. b5 f6 32. a4 Kf7 33. Ra1 Rc2 34. Kf1
Rb2 35. Bc1 Rb3 36. Ke2 Ne7 37. Ra2 h5 38. Nd2 Rc3 39. Bb2 Rc7 40. Kd3 Bb4 41.
Ra1 Nf5 42. Rc1 Rxc1 43. Bxc1 Ke6 44. Nf3 Nd6 45. Bd2 Bxd2 46. Nxd2 Kf5 47. f3
g5 48. Nf1 Nc4 49. Ne3+ Nxe3 50. Kxe3 Kg6 51. Kf2 1/2-1/2

[Event "First Saturday IM Dec 2013"]
[Site "Budapest"]
[Date "2013.12.16"]
[Round "9.5"]
[White "Nguyen, Thi Mai Hung"]
[Black "Li, Bo"]
[Result "0-1"]
[WhiteElo "2231"]
[BlackElo "2373"]
[PlyCount "70"]
[EventDate "2013.12.07"]

1. d4 Nf6 2. Nf3 c5 3. d5 b5 4. Bg5 Qb6 5. Nc3 b4 6. Na4 Qa5 7. b3 Ne4 8. Bf4
d6 9. Nd2 Nf6 10. e4 g6 11. Be2 Nbd7 12. O-O Bg7 13. c3 O-O 14. Qc2 bxc3 15.
Nc4 Qc7 16. Rad1 Nb6 17. Nxc3 Nxc4 18. Bxc4 Ng4 19. Be2 Ne5 20. Bg3 Qa5 21. Na4
Bd7 22. Nc3 Rfc8 23. Rb1 c4 24. Nd1 Bb5 25. b4 Qa3 26. Kh1 Nd3 27. Bxd3 cxd3
28. Qb3 Qxb3 29. Rxb3 d2 30. Rg1 Rc1 31. Bf4 Be2 32. Bxd2 Rxd1 33. Rxd1 Bxd1
34. Ra3 Bd4 35. f3 Be2 0-1

[Event "First Saturday IM Dec 2013"]
[Site "Budapest"]
[Date "2013.12.11"]
[Round "5.1"]
[White "Fang, Yuxiang"]
[Black "Lyell, Mark"]
[Result "1-0"]
[WhiteElo "2189"]
[BlackElo "2247"]
[PlyCount "67"]
[EventDate "2013.12.07"]

1. d4 d6 2. g3 f5 3. Bg2 Nf6 4. c4 e6 5. Nc3 Be7 6. Nf3 O-O 7. Qc2 Na6 8. O-O
c5 9. e4 fxe4 10. Nxe4 Nb4 11. Qe2 Nxe4 12. Qxe4 d5 13. Qe2 cxd4 14. Nxd4 e5
15. Nc2 Nxc2 16. Bxd5+ Qxd5 17. cxd5 Nd4 18. Qc4 b5 19. Qc7 Bd8 20. Qd6 Bb6 21.
Be3 Nf3+ 22. Kg2 Bb7 23. Rad1 Rad8 24. Qe6+ Kh8 25. Bxb6 axb6 26. Qxb6 Ba8 27.
Qxd8 Rxd8 28. Kxf3 Bxd5+ 29. Ke3 Kg8 30. Rd2 Kf7 31. Rfd1 Ke6 32. h4 e4 33. Rd4
Ke5 34. Rxe4+ 1-0